Một số quy định pháp luật về quốc phòng toàn dân

Sách giúp bạn đọc tìm hiểu thêm các quy định pháp luật về vấn đề Quốc phòng toàn dân thông qua các Thông tư, Nghị định, Hiến pháp của nước Việt Nam.

Guardat en:
Dades bibliogràfiques
Format: Llibre
Idioma:Undetermined
Publicat: Hà Nội Chính trị Quốc gia 2004
Matèries:
Etiquetes: Afegir etiqueta
Sense etiquetes, Sigues el primer a etiquetar aquest registre!
Thư viện lưu trữ: Trung tâm Học liệu Trường Đại học Cần Thơ
LEADER 00776nam a2200193Ia 4500
001 CTU_111735
008 210402s9999 xx 000 0 und d
020 |c 115000 
082 |a 355.597 
082 |b M458 
245 0 |a Một số quy định pháp luật về quốc phòng toàn dân 
260 |a Hà Nội 
260 |b Chính trị Quốc gia 
260 |c 2004 
520 |a Sách giúp bạn đọc tìm hiểu thêm các quy định pháp luật về vấn đề Quốc phòng toàn dân thông qua các Thông tư, Nghị định, Hiến pháp của nước Việt Nam. 
650 |a Military art and science 
650 |z Vietnam 
904 |i Giang 
980 |a Trung tâm Học liệu Trường Đại học Cần Thơ